| 000 | 00637nam a2200205 u 4500 | ||
|---|---|---|---|
| 005 | 20240419063742.0 | ||
| 008 | 080724s1988 es r 000 0 spa d | ||
| 020 | _a8476471327 | ||
| 035 | _aUPN01000158106 | ||
| 049 | _aI | ||
| 050 | 4 |
_aPZ24 _bP4.2 |
|
| 100 | 1 |
_aPerrault, Charles, _d1628-1703 _929829 |
|
| 245 | 1 | 3 |
_aLa bella durmiente de Perrault / _cadaptación Julia Tornero ; il. José Ramón Sánchez. |
| 260 |
_aSevilla, Esp. : _bAlgaida, _c1988. |
||
| 300 |
_a15 p. : _bil. col. |
||
| 440 | 0 |
_aCuentos clásicos ; _v1 |
|
| 650 | 0 |
_aCuentos infantiles franceses _98588 |
|
| 650 | 0 |
_aCuentos de hadas _95259 |
|
| 905 | _aInfantil | ||
| 999 |
_c130220 _d130220 |
||